000 00455nam a2200181Ia 4500
001 9917
005 20260306161753.0
008 260306t2001||||xx |||||||||||||| ||spa||
041 _aESP
082 _a808.5
_bC28
100 _aCarnegie, Dale
_eAUT
245 0 _aComo hablar bien en público:
_be influir en los hombres de negocios
260 _c2001
300 _a358 páginas :
_c18 cm
650 _aGEN
654 _aCHU
942 _cLIB
_dJUS
_fJUS
_2ddc
_n
999 _c9917
_d9917